Domestic Violence and Sexuality (Record no. 61970)

MARC details
000 -LEADER
fixed length control field 01512nam a2200217Ii 4500
008 - FIXED-LENGTH DATA ELEMENTS--GENERAL INFORMATION
fixed length control field 221202s xx 000 0 und d
100 1# - MAIN ENTRY--PERSONAL NAME
Personal name Donovan, Catherine,
Relator term author
245 #0 - TITLE STATEMENT
Title Domestic Violence and Sexuality
246 ## - VARYING FORM OF TITLE
Title proper/short title What's Love Got to Do with It?
264 #1 - PRODUCTION, PUBLICATION, DISTRIBUTION, MANUFACTURE, AND COPYRIGHT NOTICE
Place of production, publication, distribution, manufacture [Place of publication not identified] :
Name of producer, publisher, distributor, manufacturer [Publisher not identified],
Date of production, publication, distribution, manufacture, or copyright notice 2015
300 ## - PHYSICAL DESCRIPTION
Extent 1 online resource
336 ## - CONTENT TYPE
Content type term text
Content type code txt
Source rdacontent
337 ## - MEDIA TYPE
Media type term computer
Media type code c
Source rdamedia
338 ## - CARRIER TYPE
Carrier type term online resource
Carrier type code cr
Source rdacarrier
520 ## - SUMMARY, ETC.
Summary, etc. This book provides the first detailed discussion of domestic violence and abuse in same sex relationships, offering a unique comparison between this and domestic violence and abuse experienced by heterosexual women and men. It examines how experiences of domestic violence and abuse may be shaped by gender, sexuality and age, including whether and how victims/survivors seek help, and asks, what’s love got to do with it? A pioneering methodology, using both quantitative and qualitative research, provides a reliable and valid approach that challenges the heteronormative model in domestic violence research, policy and practice. The authors develops a new framework of analysis : practices of love : to explore empirical data.
653 ## - INDEX TERM--UNCONTROLLED
Uncontrolled term Social Science
653 ## - INDEX TERM--UNCONTROLLED
Uncontrolled term Violence In Society
700 1# - ADDED ENTRY--PERSONAL NAME
Personal name Hester, Marianne
856 ## - ELECTRONIC LOCATION AND ACCESS
Uniform Resource Identifier <a href="https://library.oapen.org/bitstream/20.500.12657/43963/1/external_content.pdfhttps://library.oapen.org/handle/20.500.12657/43963">https://library.oapen.org/bitstream/20.500.12657/43963/1/external_content.pdfhttps://library.oapen.org/handle/20.500.12657/43963</a>
942 ## - ADDED ENTRY ELEMENTS (KOHA)
Koha item type E-Book
Holdings
Withdrawn status Damaged status Not for loan Home library Current library Date acquired Total Checkouts Date last seen Price effective from Koha item type
      Directory of Open Access Books Directory of Open Access Books 11/28/2022   11/28/2022 11/28/2022 E-Book

University of Rizal System
Email us at univlibservices@urs.edu.ph

Visit our Website www.urs.edu.ph/library